000 00767nas a2200265 4500
001 BR2010004089
003 BR-BrBNA
005 20231205114656.0
007 ta
008 230509b bl.|||p| |||| 00| 00por d
040 _aBR-BrBNA
_bpor
_cBiblioteca Nacional de Agricultura
041 _a(En)
072 _aF03
100 1 _aPurquerio, L.F.V.
100 1 _aLago, A.A. do
100 1 _aPassos, F.A.
245 1 _aGermination and hardseendness of seeds in okra elite lines
650 _aQUIABO
650 _aQUALIDADE
650 _aSEMENTE
650 _aGERMINAÇÃO
773 0 _tHorticultura Brasileira (Brazil)
_xISSN 0102-0536
_g(Apr-Jun 2010), v. 28(2) p. 231-234
_wBR2010004089
909 _a202311
_bLúcia
_c55
_dLúcia Elande
942 _2AGRIS
_n0
_cANA
999 _c209887
_d209887